Every Tube Station Song by Jay Foreman - Statistics

General Stats
  • This quiz has been taken 44 times
    23 since last reset
  • The average score is 165 of 301
Answer Stats
Answer % Correct
Bank
80%
Hornchurch
80%
Ickenham
80%
West Ham
80%
Aldgate
70%
and
70%
Barbican
70%
Barking
70%
Barkingside
70%
Becontree
70%
Canada Water
70%
Charing Cross
70%
Cockfosters
70%
Dagenham Heathway
70%
East Finchley
70%
East Ham
70%
Elephant & Castle
70%
Fairlop
70%
Farringdon
70%
Hainault
70%
Kennington
70%
Kenton
70%
King's Cross St Pancras
70%
Maida Vale
70%
Mile End
70%
Mornington Crescent
70%
Osterley
70%
Pimlico
70%
Plaistow
70%
Ravenscourt Park
70%
Sloane Square
70%
South Ealing
70%
Alperton
60%
Amersham
60%
Barons Court
60%
Boston Manor
60%
Bounds Green
60%
Brent Cross
60%
Brixton
60%
Bromley-by-Bow
60%
Canary Wharf
60%
Chesham
60%
Chorleywood
60%
Croxley
60%
Debden
60%
East Acton
60%
Eastcote
60%
Gunnersbury
60%
Hammersmith
60%
Harrow & Wealdstone
60%
Hatton Cross
60%
Heathrow Terminals 1 2 3
60%
Heathrow Terminals 4 and 5
60%
Hounslow East
60%
Hounslow West
60%
Kingsbury
60%
Leyton
60%
Leytonstone
60%
Loughton
60%
Manor House
60%
Mansion House
60%
Monument
60%
Morden
60%
Northfields
60%
Northwood
60%
Notting Hill Gate
60%
Oakwood
60%
Oxford Circus
60%
Paddington
60%
Park Royal
60%
Piccadilly Circus
60%
Queensbury
60%
Queen's Park
60%
Queensway
60%
Richmond
60%
Rickmansworth
60%
Royal Oak
60%
Southfields
60%
Southgate
60%
Swiss Cottage
60%
then
60%
Tottenham Hale
60%
Upminster
60%
Vauxhall
60%
West Acton
60%
West Hampstead
60%
Westminster
60%
Whitechapel
60%
Wimbledon
60%
Wimbledon Park
60%
with
60%
Woodford
60%
Wood Green
60%
Acton Town
50%
Aldgate East
50%
and then
50%
Angel
50%
Archway
50%
Arsenal
50%
Belsize Park
50%
Bermondsey
50%
Bethnal Green
50%
Blackfriars
50%
Blackhorse Road
50%
Bond Street
50%
Bow Road
50%
Burnt Oak
50%
Caledonian Road
50%
Camden Town
50%
Canning Town
50%
Chancery Lane
50%
Chigwell
50%
Chiswick Park
50%
Clapham Common
50%
Clapham North
50%
Clapham South
50%
Colliers Wood
50%
Covent Garden
50%
Dagenham East
50%
Dollis Hill
50%
Ealing Broadway
50%
Ealing Common
50%
Earl's Court
50%
East Putney
50%
Edgware
50%
Edgware Road
50%
Elm Park
50%
Embankment
50%
Epping
50%
Euston
50%
Euston Square
50%
Finchley Central
50%
Finchley Road
50%
Finsbury Park
50%
Gants Hill
50%
Gloucester Road
50%
Goodge Street
50%
Grange Hill
50%
Greenford
50%
Green Park
50%
Hampstead
50%
Hanger Lane
50%
Harlesden
50%
Harrow-on-the-Hill
50%
Hendon Central
50%
High Barnet
50%
Highbury & Islington
50%
Highgate
50%
High Street Kensington
50%
Holland Park
50%
Holloway Road
50%
Hounslow Central
50%
Kensal Green
50%
Kew Gardens
50%
Kilburn
50%
Kilburn Park
50%
Knightsbridge
50%
Ladbroke Grove
50%
Lambeth North
50%
Lancaster Gate
50%
Latimer Road
50%
Leicester Square
50%
Liverpool Street
50%
London Bridge
50%
Marylebone
50%
Mill Hill East
50%
Moor Park
50%
Neasden
50%
Newbury Park
50%
North Acton
50%
North Greenwich
50%
North Harrow
50%
Northolt
50%
Northwick Park
50%
Northwood Hills
50%
Oval
50%
Parsons Green
50%
Perivale
50%
Pinner
50%
Preston Road
50%
Putney Bridge
50%
Rayners Lane
50%
Regent's Park
50%
Ruislip
50%
Ruislip Gardens
50%
Ruislip Manor
50%
Russell Square
50%
Seven Sisters
50%
Snaresbrook
50%
South Harrow
50%
South Kenton
50%
South Ruislip
50%
Southwark
50%
South Wimbledon
50%
South Woodford
50%
Stamford Brook
50%
Stanmore
50%
St James's Park
50%
St John's Wood
50%
Stockwell
50%
Stonebridge Park
50%
Stratford
50%
Sudbury Hill
50%
Sudbury Town
50%
Temple
50%
Theydon Bois
50%
Tooting Bec
50%
Tooting Broadway
50%
Tower Hill
50%
Tufnell Park
50%
Turnham Green
50%
Turnpike Lane
50%
Upminster Bridge
50%
Upney
50%
Uxbridge
50%
Victoria
50%
Walthamstow Central
50%
Wanstead
50%
Warren Street
50%
Waterloo
50%
Watford
50%
Wembley Park
50%
Westbourne Park
50%
West Finchley
50%
West Ruislip
50%
White City
50%
Willesden Junction
50%
Wood Lane
50%
Arnos Grove
40%
Baker Street
40%
Balham
40%
Bayswater
40%
Borough
40%
Buckhurst Hill
40%
Cannon Street
40%
Canons Park
40%
Chalfont & Latimer
40%
Chalk Farm
40%
Colindale
40%
Fulham Broadway
40%
Golders Green
40%
Goldhawk Road
40%
Great Portland Street
40%
Hillingdon
40%
Holborn
40%
Hyde Park Corner
40%
Kensington Olympia
40%
Kentish Town
40%
Marble Arch
40%
Moorgate
40%
North Ealing
40%
North Wembley
40%
Old Street
40%
Redbridge
40%
Roding Valley
40%
Shepherd's Bush
40%
Shepherd's Bush Market
40%
South Kensington
40%
Stepney Green
40%
St Paul's
40%
Tottenham Court Road
40%
Totteridge & Whetstone
40%
Upton Park
40%
Warwick Avenue
40%
Wembley Central
40%
West Brompton
40%
West Harrow
40%
West Kensington
40%
Willesden Green
40%
Woodside Park
40%
No matching quizzes found
Score Distribution
Percent of People with Each Score
Percentile by Number Answered
Your Score History
You have not taken this quiz since the last reset